| 000 | 00611nam a2200217 a 4500 | ||
|---|---|---|---|
| 999 |
_c10368 _d10368 |
||
| 001 | 10368 | ||
| 003 | BD-JhCC | ||
| 005 | 20180425090153.0 | ||
| 008 | 180425s2017 bg a|||| |||| 000 0 ben d | ||
| 020 | _a9847034301403 | ||
| 035 | _a(BD-JhCC)10368 | ||
| 040 |
_aBD-JhCC _dBD-JhCC |
||
| 041 | _aben | ||
| 082 |
_a891.4415 _bROY 2017 |
||
| 100 |
_aরায়, সুকুমার _q1887-1923 |
||
| 245 |
_aআবোল তাবোল / _cসুকুমার রায় |
||
| 260 |
_aঢাকা : _bবিভাস, _c2017 |
||
| 300 |
_a48 p. : _bill. ; _c24 cm. |
||
| 650 | _aRhyme | ||
| 942 |
_2ddc _cBK |
||